El tiempo del ahora : (Registro nro. 37712)

Detalles MARC
000 -CABECERA
Longitud fija campo de control 01044cam a2200265 i 4500
003 - • IDENTIFICADOR DELl NÚMERO DE CONTROL
Identificador del número de control CO-ViMGA
005 - • FECHA Y HORA DE LA ÚLTIMA TRANSACCIÓN
Fecha y hora de la última transacción 20230915234402.0
008 - • CÓDIGOS DE INFORMACIÓN DE LONGITUD FIJA
Códigos de información de longitud fija 151202s2015 ck a b 000 0 spa
020 ## - • NÚMERO INTERNACIONAL NORMALIZADO PARA LIBROS
Número Internacional Normalizado para Libros (ISBN) 9789587341638
040 ## - FUENTE DE LA CATALOGACIÓN
Centro catalogador de origen CO-ViMGA
Lengua de catalogación spa
Centro transcriptor CO-ViMGA
043 ## - CÓDIGO DE ÁREA GEOGRÁFICA
Código de área geográfica s-ck---
082 04 - • NÚMERO DE LA CLASIFICACIÓN DECIMAL DEWEY
Número del ítem A59t
Número de clasificación (R) 303.6861
100 1# - • PUNTO DE ACCESO PRINCIPAL-NOMBRE DE PERSONA
Nombre de persona Álvarez-Correa, Miguel,
Término indicativo de función author.
245 13 - • TITULO PROPIAMENTE DICHO
Título El tiempo del ahora :
Resto del título el deber de atender a las víctimas, el Centro de Atención a Víctimas (CAV) : ¿dónde estmaos? /
Mención de responsabilidad, etc. E. Miguel Álvarez-Correa G., Daniel F. Bocanegra B.
250 ## - • MENCIÓN DE EDICIÓN
Mención de edición Primera edición.
300 ## - • DESCRIPCIÓN FÍSICA
Extensión 61 pages :
Otras características físicas illustrations ;
Dimensiones 24 cm
504 ## - • NOTA DE BIBLIOGRAFÍA, ETC
Nota de bibliografía, etc. Includes bibliographical references (pages 59-60).
650 #0 - • PUNTO DE ACCESO ADICIONAL DE MATERIA - TÉRMINO DE MATERIA
Término de materia o nombre geográfico como elemento inicial Reparation (Criminal justice)
Subdivisión geográfica Colombia.
650 #0 - • PUNTO DE ACCESO ADICIONAL DE MATERIA - TÉRMINO DE MATERIA
Término de materia o nombre geográfico como elemento inicial Restorative justice
Subdivisión geográfica Colombia.
650 #0 - • PUNTO DE ACCESO ADICIONAL DE MATERIA - TÉRMINO DE MATERIA
Término de materia o nombre geográfico como elemento inicial Victims of violent crimes
Subdivisión de materia general Legal status, laws, etc.
Subdivisión geográfica Colombia.
650 #0 - • PUNTO DE ACCESO ADICIONAL DE MATERIA - TÉRMINO DE MATERIA
Término de materia o nombre geográfico como elemento inicial War damage compensation
Subdivisión geográfica Colombia.
700 1# - • PUNTO DE ACCESO ADICIONAL - NOMBRE DE PERSONA
Nombre de persona Bocanegra B., Daniel F.,
Término indicativo de función author.
942 ## - ENTRADA DE ELEMENTOS AGREGADOS (KOHA)
Fuente de clasificaión o esquema Dewey Decimal Classification
Koha [por defecto] tipo de item LIbro
Existencias
Perdido Fuente de clasificación o esquema Estado Físico No para préstamo Forma de adquisición Localización permanente Localización actual Fecha adquisición Préstamos totales Signatura completa Código de barras Fecha última consulta Número de copia Fecha del precio de reemplazo Tipo de item de Koha Localización en estanterías
  Dewey Decimal Classification     Colección General Biblioteca Pública Acacias - Carlos María Hernández Rojas Biblioteca Pública Acacias - Carlos María Hernández Rojas 03/06/2025   303.6861 A48 ACA02267 03/06/2025 Ej.1 03/06/2025 LIbro General
  Dewey Decimal Classification     Sala General Segundo Piso Biblioteca Pública Germán Arciniegas - Villavicencio Biblioteca Pública Germán Arciniegas - Villavicencio 10/28/2016   303.6861 A59t 31401 10/28/2016 El.1 10/28/2016 LIbro  









Instituto Departamental de Cultura del Meta - Red Departamental de Bibliotecas Públicas del Meta.